| 000 | 00431nam a2200157 a 4500 | ||
|---|---|---|---|
| 005 | 20140412111321.0 | ||
| 008 | 010321s19uu xx 00 eng d | ||
| 020 | _a1-85038-240-9 | ||
| 050 |
_aER _bNu93 2000 |
||
| 245 | _aNursery rhymes 1. | ||
| 260 |
_a[s.l.] : _bHolland Enterprises Limited, _c[n.d.] |
||
| 300 | _a1 v. (unp.) ; ill. | ||
| 440 | _aSeries of Nursery Rhymes Board Books,1 | ||
| 650 | _aRhymes | ||
| 999 |
_c104397 _d104397 |
||